Ends in a Vowel and 'X' Quiz Stats

 Plays Quiz Updated Jun 24, 2012

Also try: Ends in 'CLE'
Challenge
Share
Tweet
Embed
Score 0/36 Timer 05:00
3 Plays Today
Ending Word % Correct
'-ex'Rolex
88.9%
'-ix'appendix
88%
'-ax'climax
87.6%
'-ex'index
87.6%
'-yx'onyx
86.6%
'-ox'Smallpox
85.1%
'-ox'Xerox
84.5%
'-ox'Knox
84.4%
'-ex'latex
84.2%
'-ix'crucifix
81.8%
'-ix'Trix
79.5%
'-yx'Styx
79.5%
'-ox'equinox
79.5%
'-ax'thorax
79.3%
'-ix'Phoenix
78.5%
'-ux'reflux
78.1%
'-ix'helix
77.9%
'-ox'icebox
76%
Ending Word % Correct
'-ax'anthrax
74.9%
'-ix'suffix
74.1%
'-ux'Sioux
71.5%
'-ax'Lorax
70.9%
'-ex'vertex
65.8%
'-yx'coccyx
65.1%
'-ax'syntax
60.6%
'-ex'annex
58.2%
'-ox'orthodox
57.6%
'-ux'faux
53%
'-ux'Horcrux
50.9%
'-ex'vortex
49.6%
'-ux'Pollux
41.1%
'-ux'Maddux
38.8%
'-yx'oryx
14.1%
'-yx'Archaeopteryx
13.9%
'-ax'parallax
11.4%
'-yx'calyx
9.7%

You're not logged in!

Compare scores with friends on all Sporcle quizzes.
Join for Free
OR
Log In

You Might Also Like...

Show Comments

Extras

Top Quizzes Today


Score Distribution

Your Account Isn't Verified!

In order to create a playlist on Sporcle, you need to verify the email address you used during registration. Go to your Sporcle Settings to finish the process.

Report this User

Report this user for behavior that violates our Community Guidelines.

Details: